| Поле | Инд. | ПП | Название | Значение |
|---|---|---|---|---|
| Тип записи | a | |||
| Библиографический уровень | b | |||
| 001 | Контрольный номер | RU/IS/BASE/185987238 | ||
| 005 | Дата корректировки | 20200522190940.6 | ||
| 008 | Кодируемые данные | 20051122 | ||
| 084 | a | Индекс другой классификации/Индекс ББК | 60.547.7в644 | |
| a | Индекс другой классификации/Индекс ББК | 39.808.020.3 | ||
| 100 | 1_ | a | Автор | Осеев А. А. |
| q | Полное имя | Осеев Александр Александрович | ||
| 245 | a | Заглавие | Роль характера водителя в снижении аварийности на автомобильном транспорте | |
| 500 | a | Примечание | Приложение: Обоснование надежности результатов и формулы расчета опредления степени соответствия выявленных по методике Кэттелла качеств характера (в стенах) требованиям безопасности | |
| 650 | a | Основная рубрика | автодорожный транспорт | |
| a | Основная рубрика | социология | ||
| a | Основная рубрика | социология групп | ||
| a | Основная рубрика | транспорт | ||
| 653 | a | Ключевые слова | аварийность на дорогах | |
| a | Ключевые слова | автолюбители | ||
| a | Ключевые слова | автомобильный транспорт | ||
| a | Ключевые слова | безопасность движения | ||
| a | Ключевые слова | дорожно-транспортные происшествия (ДТП) | ||
| a | Ключевые слова | снижение аварийности | ||
| a | Ключевые слова | социологические исследования | ||
| a | Ключевые слова | тест на соответствие моральных норм требованиям безопасности | ||
| a | Ключевые слова | тест на творческое воображение | ||
| a | Ключевые слова | тест на уровень смелости | ||
| a | Ключевые слова | тест на уровень тревожности | ||
| 773 | t | Заглавие источника | Вестник Московского университета. Серия 18, Социология и политология | |
| d | Дата издания источника | 2005 | ||
| g | Прочая информация | № 3. - С. 151 - 168 : табл. | ||
| w | Контрольный № источника | RU/IS/BASE/184253657 | ||
| 901 | t | Тип документа | b |